Threat to London's reputation (Record no. 73860)
[ view plain ]
| 000 -LEADER | |
|---|---|
| fixed length control field | 01220cam a2200241 4500 |
| 001 - CONTROL NUMBER | |
| control field | WB3945-17 |
| 008 - FIXED-LENGTH DATA ELEMENTS--GENERAL INFORMATION | |
| fixed length control field | 031126n2003 000 0 eng u |
| 035 ## - SYSTEM CONTROL NUMBER | |
| System control number | (Sirsi) u124473 |
| 245 ## - TITLE STATEMENT | |
| Title | Threat to London's reputation |
| 260 ## - PUBLICATION, DISTRIBUTION, ETC. | |
| Date of publication, distribution, etc. | 2003 |
| 490 ## - SERIES STATEMENT | |
| Series statement | Planning (for the Natural and Built Environment) |
| Volume/sequential designation | (1546) 21 November 2003, 6(1) |
| 520 ## - SUMMARY, ETC. | |
| Summary, etc. | Research from KPMG for the corporation of London shows London's status as a world city is under threat by its creaking public transport infrastructure. In a comparison with other Amsterdam, Brussels and Frankfurt, London's public transport comes out worse with only 75% of trains arriving on time in contrast to 93% in Paris. Investment in surburban rail and underground lines is poor with just 38km in 30 years. For a summary of the Comparative Public Transport Investment in Major European Cities Report: http://www.cityoflondon.gov.uk/business_city/research_statistics/pdf/ComparativeExecutiveSummary.pdf |
| 590 ## - LOCAL NOTE (RLIN) | |
| Local note | WB |
| 650 ## - SUBJECT ADDED ENTRY--TOPICAL TERM | |
| Topical term or geographic name entry element | LONDON |
| 650 ## - SUBJECT ADDED ENTRY--TOPICAL TERM | |
| Topical term or geographic name entry element | PARIS |
| 650 ## - SUBJECT ADDED ENTRY--TOPICAL TERM | |
| Topical term or geographic name entry element | AMSTERDAM |
| 650 ## - SUBJECT ADDED ENTRY--TOPICAL TERM | |
| Topical term or geographic name entry element | PUBLIC TRANSPORT |
| 650 ## - SUBJECT ADDED ENTRY--TOPICAL TERM | |
| Topical term or geographic name entry element | INVESTMENT |
| 650 ## - SUBJECT ADDED ENTRY--TOPICAL TERM | |
| Topical term or geographic name entry element | KPMG |
| 650 ## - SUBJECT ADDED ENTRY--TOPICAL TERM | |
| Topical term or geographic name entry element | CORPORATION OF LONDON |
| 690 ## - LOCAL SUBJECT ADDED ENTRY--TOPICAL TERM (OCLC, RLIN) | |
| Topical term or geographic name as entry element | TRANSPORT AND COMMUNICATION |
| 942 ## - ADDED ENTRY ELEMENTS (KOHA) | |
| Suppress in OPAC | 0 |
| Withdrawn status | Lost status | Source of classification or shelving scheme | Damaged status | Not for loan | Home library | Current library | Shelving location | Date acquired | Total Checkouts | Full call number | Barcode | Date last seen | Copy number | Price effective from | Koha item type |
|---|---|---|---|---|---|---|---|---|---|---|---|---|---|---|---|
| Dewey Decimal Classification | London | London | News article | 26/11/2003 | WB3945-17 | 124473-1001 | 06/08/2019 | 1 | 06/08/2019 | News article |